000 00575nam a2200217Ia 4500
003 OSt
005 20230429111806.0
008 210423s1998 xx 000 0 und d
020 _a198502044
040 _cAL
041 _aeng
082 _a581.88 WESP
100 _aWESTHOFF (Peter).
_995149
245 _aMolecular plant development: from gene to plant.
260 _aOxford
_bOxford University Press
_c1998
300 _axi,272
_bPB
365 _cINR
650 _aMolecular Biology
_995150
906 _adevelopment ; gene ; Molecular ; plant
942 _2ddc
_cBK
999 _c162841
_d162841